000 00313nam a22001337a 4500
008 180914b xxu||||| |||| 00| 0 eng d
020 _a0835988546
041 _aeng
080 _a821
100 _a21
101 _aGJL
245 _aWriting Fiction, Nonfiction and How to Publish
_cHowland, B
942 _2udc
_cBK
999 _c47794
_d47794